00755nam a2200169 a 4500008004100000020001800041050001600059100002000075245007500095260003800170300002900208500008300237650002300320995009300343999001700436952013200453210303s2007 ||||||||||||||||| || u a9785883371423 aPG 2900 Kor aKorchagina. E.L10aRussian Language: successful start- successful finish cE.L Korchagina aMoscowbAcademia publishersc2007 a254 pages: illustrations aA practical book on Russian language as a foreign language for primary schools aRUSSIAN LITERATURE FCBU-MAIN LIBRARY (Kitwe)M1UAVAILABLEWMar 3, 2021ZMain Library Open Access Collection c56869d56869 00102lcc4070a001b001cMain Library Open Access Collectiond2022-11-30l0oPG 2900 Korp750878r2022-11-30w2022-11-30y002